000 00570 a2200217 4500
005 20260204151531.0
008 260204b |||||||| |||| 00| 0 eng d
020 _a9789386652355
_cRs. 3550.00
040 _aMAIN
082 _a590.72
_bN164R
100 _aNarayana, Suresh
245 _aResearch methodology in zoology
260 _bScientific Publishers
_c2024
_aJodhpur
300 _axv, 404
650 _aZoology
650 _aResearch Methods- Zoology
700 _aD Varalakshmi
700 _aT Pullaiah
700 _aRao, K R S Sambasiva
942 _cBK
999 _c395069
_d395069